000 00268nam a2200097Ia 4500
082 _a92 MBEK
245 0 _aThabo Mbeki : the dream deferred
100 _a GEVISSER, Mark ** Jeppestown, 2R7 ** *
_9108197
942 _cBK
008 210825s9999 xx 000 0 und d
999 _c496104
_d496103